Introducción a la investigación operativa / (Registro nro. 5719)
[ vista simple ]
| 000 -LEADER | |
|---|---|
| fixed length control field | 01231nam a2200289Ia 4500 |
| 003 - CONTROL NUMBER IDENTIFIER | |
| control field | OSt |
| 005 - DATE AND TIME OF LATEST TRANSACTION | |
| control field | 20200320110838.0 |
| 008 - FIXED-LENGTH DATA ELEMENTS--GENERAL INFORMATION | |
| fixed length control field | 191128s1973 sp a gr 000 0dspa d |
| 020 ## - INTERNATIONAL STANDARD BOOK NUMBER | |
| International Standard Book Number | 8403190778 |
| 040 ## - CATALOGING SOURCE | |
| Original cataloging agency | CO-JMCR |
| Transcribing agency | CO-JMCR |
| 082 04 - DEWEY DECIMAL CLASSIFICATION NUMBER | |
| Classification number | 001.42 / |
| Item number | C563i |
| 100 1# - MAIN ENTRY--PERSONAL NAME | |
| Personal name | Churchman, Charles West, |
| Relator term | autor |
| 9 (RLIN) | 1720 |
| 245 10 - TITLE STATEMENT | |
| Title | Introducción a la investigación operativa / |
| Statement of responsibility, etc. | C. West Churchman, Russell L. Ackoff, E. Leonard Arnoff; traductor Luis García de Diego López |
| 250 ## - EDITION STATEMENT | |
| Edition statement | Primera edición |
| 260 ## - PUBLICATION, DISTRIBUTION, ETC. | |
| Place of publication, distribution, etc. | Madrid : |
| Name of publisher, distributor, etc. | Aguilar, |
| Date of publication, distribution, etc. | 1973 |
| 300 ## - PHYSICAL DESCRIPTION | |
| Extent | 638 páginas : |
| Other physical details | ilustraciones ; |
| Dimensions | 22 cm. |
| 490 ## - SERIES STATEMENT | |
| Series statement | Economía de la empresa |
| 504 ## - BIBLIOGRAPHY, ETC. NOTE | |
| Bibliography, etc. note | Incluye bibliografía. |
| 505 ## - FORMATTED CONTENTS NOTE | |
| Formatted contents note | Introducción -- El problema -- El modelo -- Modelos de inventarios -- Modelos de distribución -- Modelos de espera -- Modelos de reemplazamiento -- Modelos de competencia -- Verficación, control y aplicación de modelos |
| 546 ## - LANGUAGE NOTE | |
| Language note | spa |
| 650 14 - SUBJECT ADDED ENTRY--TOPICAL TERM | |
| Topical term or geographic name entry element | Investigación operacional |
| 9 (RLIN) | 1721 |
| 650 24 - SUBJECT ADDED ENTRY--TOPICAL TERM | |
| Topical term or geographic name entry element | Análisis de sistemas Modelos matemáticos |
| 9 (RLIN) | 1722 |
| 700 1# - ADDED ENTRY--PERSONAL NAME | |
| Personal name | Ackoff, Russell L. |
| Relator term | autor |
| 9 (RLIN) | 1723 |
| 700 1# - ADDED ENTRY--PERSONAL NAME | |
| Personal name | Arnoff, E. Leonard, |
| Relator term | autor |
| 9 (RLIN) | 1724 |
| 700 1# - ADDED ENTRY--PERSONAL NAME | |
| Personal name | García de Diego López, Luis, |
| Relator term | traductor |
| 9 (RLIN) | 1725 |
| 942 ## - ADDED ENTRY ELEMENTS (KOHA) | |
| Source of classification or shelving scheme | Dewey Decimal Classification |
| Koha item type | Books |
| Withdrawn status | Lost status | Source of classification or shelving scheme | Materials specified (bound volume or other part) | Damaged status | Not for loan | Home library | Current library | Date acquired | Source of acquisition | Total Checkouts | Full call number | Barcode | Date last seen | Copy number | Price effective from | Koha item type |
|---|---|---|---|---|---|---|---|---|---|---|---|---|---|---|---|---|
| Dewey Decimal Classification | Compra | Biblioteca Pública José María del Castillo y Rada | Biblioteca Pública José María del Castillo y Rada | 11/28/2019 | Donación | 001.42 / C563i | 430004025 | 05/16/2024 | Ej.1 | 11/28/2019 | Books |